000 01697nam0a2200349 4500
001 RU\NLR\bibl\1401232
005 20241119213417.0
020 _aRU
_b90-9857
_9Летопись авторефератов диссертаций
021 _aRU
_b2009-5831а
_9234а
035 _a(NLR Aleph) 001393238
090 _a1175642
_c1175642
100 _a20090520d2009 u u0rusy50 ca
101 0 _arus
102 _aRU
105 _aa dm |||||
200 1 _aЭкономические интересы субъектов хозяйствования в производстве и переработке молока
_e(на материалах Пензенской области)
_eавтореф. дис. на соиск. учен. степ. канд. экон. наук
_eспециальность 08.00.05 <Экономика и упр. нар. хоз-вом>
_fФудина Елена Васильевна
_g[Всерос. НИИ экономики сел. хоз-ва]
210 _aМосква
_d2009
215 _a24 с.
_cил.
_d21
320 _aБиблиогр.: c. 22-24 (18 назв.)
610 0 _aПензенская обл., экон. науки
675 _a338(470+571)
_v3
_zrus
686 _a06.75
_2rugasnti
686 _a65.9(2Рос)
_2rubbk
686 _a08.00.05
_2oksvnk
700 1 _aФудина
_bЕ. В.
_gЕлена Васильевна
_4070
801 0 _aRU
_bRKP
_c20090520
_gPSBO
801 1 _aRU
_bRKP
_c20090520
801 2 _aRU
_bNLR
_c20090814
_grcr
901 _eАвторефераты
942 _cBOOK
981 1 0 _a(10) Авторефераты